[Event "WSCC 65 Open 2017"]
[Site "?"]
[Date "2017.11.10"]
[Round "4"]
[White "Gruzmann, Boris"]
[Black "Torre, Eugenio"]
[Result "1/2-1/2"]
[WhiteElo "2218"]
[BlackElo "2465"]
[Annotator "TA"]
[PlyCount "61"]
[EventDate "2017.??.??"]
[EventType "swiss"]
[EventCountry "ITA"]
[SourceTitle "Acqui Terme"]

{[%evp 30,61,68,42,62,41,22,31,59,53,100,95,102,97,163,164,171,160,153,150,184,161,218,206,243,225,214,151,147,154,139,155,209,144]} 1. e4 e5 2. Nf3 Nc6 3. Bb5 a6 4. Ba4 Nf6 5. O-O Nxe4 6. d4 b5 7. Bb3 d5 8. dxe5 Be6 9. c3 Nc5 10. Bc2 Bg4 {[%cal Be6g4,Bg4h5,Bh5g6][%mdl 32]} 11. Re1 Be7 12. Nbd2 {[%cal Bb1d2,Bd2f1,Bf1g3][%mdl 32]} Qd7 13. Nf1 Bh5 {C82: Open Ruy Lopez: 9 c3 without 9...Be7} (13... Rd8 14. h3 Bh5 15. Ng3 Bg6 16. Nd4 Nxd4 17. cxd4 Ne6 18. Nf5 c5 19. dxc5 Bxc5 20. Qf3 O-O 21. Qg3 f6 22. Bd2 fxe5 23. Qxe5 Rde8 24. Ne3 Bxe3 25. Bxg6 Bxf2+ 26. Kh1 hxg6 {0-1 (26) Kosteniuk,A (2489)-Nakamura,H (2784) Geneve 2013}) 14. Ng3 Bg6 15. Be3 O-O 16. h4 {[%cal Bh2h4,Bh4h5][%mdl 32] LiveBook: 5 Games} Rfe8 17. h5 Bxc2 18. Qxc2 {And now Bxc5 would win.} Ne6 19. Rad1 Na5 $146 ({Predecessor:} 19... h6 20. Nf5 Bg5 21. Qd2 Bxe3 22. Nxe3 {1-0 (41) Rodriguez Cespedes,A (2495)-Xu,J (2495) Subotica 1987}) 20. b3 c5 21. Qd2 Rad8 (21... c4 $16) 22. c4 $1 $18 {[%cal Rc4d5] White is clearly better.} Nxc4 23. bxc4 bxc4 24. Qc2 Qb7 25. Bd2 g6 (25... h6 $142 26. Nf5 Qc6 27. Bxh6 Rb8) 26. Ne2 Qc8 27. Rb1 Qc6 28. Ba5 Rb8 29. a4 Bf8 30. Bd2 Ra8 (30... Qd7 $16 31. Red1 Qc6) 31. Qd1 {Precision: White = 61%, Black = 20%.} 1/2-1/2

[Event "WSCC 65 Open 2017"]
[Site "?"]
[Date "2017.11.10"]
[Round "4"]
[White "Privara, Igor"]
[Black "Vaisser, Anatoly"]
[Result "0-1"]
[WhiteElo "2184"]
[BlackElo "2503"]
[Annotator "TA"]
[PlyCount "78"]
[EventDate "2017.??.??"]
[EventType "swiss"]
[EventCountry "ITA"]
[SourceTitle "Acqui Terme"]

{[%evp 18,78,7,31,12,-25,17,-9,-15,-4,0,-38,-34,-37,-15,-14,-14,-26,-23,-26,0,0,20,33,31,34,49,43,50,39,134,129,132,125,127,125,148,136,122,103,116,0,0,0,0,0,0,0,0,0,0,-131,-116,-268,-227,-341,-321,-381,-370,-362,-391,-652,-627]} 1. e4 {[%cal Be2e4,Be4e5][%mdl 32]} e6 2. d4 d5 3. e5 c5 {[%cal Bc7c5,Bc5c4][%mdl 32]} 4. c3 Qb6 5. Nf3 Nc6 6. a3 f6 7. Bd3 fxe5 {C02: French: Advance Variation} 8. dxe5 (8. Nxe5 Nf6 9. O-O Bd6 10. dxc5 Bxc5 11. Qe2 Nxe5 12. Qxe5 O-O 13. Qe2 Kh8 14. b4 Bd6 15. c4 dxc4 16. Bxc4 {1-0 (56) Motylev,A (2649)-Riazantsev,A (2646) Berlin 2015}) 8... c4 9. Bc2 g6 10. O-O {LiveBook: 3 Games} Bg7 11. Re1 Nge7 12. b3 $146 ({Predecessor:} 12. Nbd2 O-O 13. b3 cxb3 14. Nxb3 Nxe5 15. Rxe5 Bxe5 {0-1 (25) Szyszylo,R (2210)-Poetsch,H (2408) Warsaw 2011}) 12... cxb3 13. Bxb3 O-O 14. Be3 (14. Bg5 {is more complex.} Qc5 15. a4 Bd7 16. Bc1 Qa5 17. Ba3) 14... Qc7 15. Bd4 Nxd4 16. cxd4 Bd7 17. Nbd2 {[%cal Bb1d2,Bd2f1,Bf1e3,Be3g4][%mdl 32]} Rac8 18. Nf1 Bb5 19. Ne3 h6 20. Bc2 Nf5 {Strongly threatening ...Nxe3.} 21. Rc1 {Threatens to win with Bxf5.} Qf7 22. a4 Ba6 23. Qd2 Rc7 {[#]} ({Better is} 23... Nxe3 $14 24. Rxe3 b6) 24. Ng4 $1 $16 g5 {[#]} 25. Nxg5 $1 {[%mdl 512]} Rxc2 (25... hxg5 26. Qxg5) 26. Rxc2 Qg6 27. Nxe6 $1 Qxe6 28. Rc7 Qb6 29. Rd7 (29. Rc5 $16) 29... Qxd4 $11 30. Qxd4 Nxd4 31. f3 Ne2+ 32. Kf2 Nf4 $36 {[%mdl 2048] Black is more active.} 33. Kg3 d4 34. e6 (34. Re4 $11 {remains equal.} Ne6 35. Re7) 34... Ne2+ 35. Kh3 $2 (35. Kf2 $17 Nf4 36. e7 Nd3+ 37. Kg3) 35... Re8 $19 36. e7 (36. Rd6 $142 h5 37. Rxa6 Nf4+ 38. Kg3) 36... Kf7 37. Nf2 Ke6 38. Rc7 Be5 ({Much less strong is} 38... Rxe7 39. Rxe7+ Kxe7 40. g3 $19) 39. Rc2 $2 (39. Rc5 d3 40. g3) 39... Nf4+ {Precision: White = 58%, Black = 68%.} 0-1

[Event "WSCC 65 Open 2017"]
[Site "?"]
[Date "2017.11.11"]
[Round "5"]
[White "Vaisser, Anatoly"]
[Black "Shevelev, Arkady"]
[Result "1/2-1/2"]
[WhiteElo "2503"]
[BlackElo "2280"]
[Annotator "TA"]
[PlyCount "51"]
[EventDate "2017.??.??"]
[EventType "swiss"]
[EventCountry "ITA"]
[SourceTitle "Acqui Terme"]

{[%evp 13,51,66,87,77,75,74,78,70,66,16,20,19,55,11,25,13,26,0,14,-10,0,0,0,0,0,-6,0,-12,0,0,41,-5,57,59,82,-11,-10,-32,-33,-34]} 1. d4 Nf6 2. c4 c5 3. d5 b5 4. cxb5 Qa5+ 5. Nc3 a6 6. bxa6 Bxa6 7. Bd2 {A58: Benko/Volga Gambit: Lines with 5 bxa6} Qb6 {LiveBook: 5 Games} (7... d6 8. Nf3 Nbd7 9. g3 g6 10. Bg2 Bg7 11. O-O O-O 12. Re1 Rfb8 13. Qc2 Qb4 14. Rab1 Qb7 15. e4 Ng4 16. Red1 Nge5 17. Ne1 Nc4 18. Bc1 Qc7 19. b3 Qa5 20. Na4 {½-½ (72) Ponomariov,R (2739)-Bareev,E (2634) Moscow 2009}) 8. e4 {aiming for Bxa6.} Bxf1 9. Kxf1 {White is better.} d6 10. Nf3 g6 11. e5 $146 ({Predecessor:} 11. Rb1 Bg7 12. Qe2 O-O 13. g3 {0-1 (29) Hovorka,T (2113)-Gyugyi,P (2120) Hungary 2004}) 11... dxe5 12. Nxe5 Qa6+ 13. Qe2 {[#] Nb5 is the strong threat.} Bg7 14. Nc4 O-O 15. Ne3 Rd8 16. Rd1 Qxe2+ 17. Kxe2 Na6 18. Bc1 Nc7 19. Rd2 Nfe8 20. Rhd1 Nd6 21. Rc2 Rdb8 22. a3 Rb3 (22... Ndb5 $11) 23. Nb1 $14 Ncb5 {[#] And now ...Nd4+ would win.} 24. Rxc5 ({Better is} 24. Kf1 $16) 24... Bxb2 $11 25. Nd2 Rc3 26. Rxb5 $1 {Precision: White = 28%, Black = 41%.} 1/2-1/2

[Event "WSCC 65 Open 2017"]
[Site "?"]
[Date "2017.11.11"]
[Round "5"]
[White "Balashov, Yuri S"]
[Black "Gruzmann, Boris"]
[Result "1/2-1/2"]
[WhiteElo "2437"]
[BlackElo "2218"]
[Annotator "TA"]
[PlyCount "59"]
[EventDate "2017.??.??"]
[EventType "swiss"]
[EventCountry "ITA"]
[SourceTitle "Acqui Terme"]

{[%evp 13,59,32,39,0,0,0,0,0,0,0,0,0,-11,-23,-41,-62,-66,-49,-62,-68,-53,-97,3,0,0,-24,7,5,85,88,94,84,85,81,78,34,35,19,15,25,282,271,261,145,145,143,136,139]} 1. d4 Nf6 2. Nf3 g6 3. g3 Bg7 4. Bg2 O-O 5. O-O d6 6. c4 Bf5 7. Nc3 Ne4 {LiveBook: 46 Games} 8. Nd2 {E60: King's Indian: Unusual lines and Fianchetto Variation without Nc3} (8. Bd2 Nc6 9. Nxe4 Bxe4 10. Bc3 d5 11. Qb3 dxc4 12. Qxc4 Qd7 13. Rfd1 Rfd8 14. d5 Bxd5 15. Qh4 Qf5 16. Rxd5 Rxd5 {½-½ (69) Mamedyarov,S (2746)-Caruana,F (2804) Shamkir 2016}) 8... Nxc3 9. bxc3 Qc8 10. e4 $146 {The position is equal.} ({Predecessor:} 10. Re1 Bh3 11. Bh1 e5 12. Nf3 Nc6 13. Ba3 Qg4 14. Rb1 Rab8 15. c5 dxc5 16. Bxc5 {½-½ (37) Frank,P (2132)-Zivanovic,V (2086) Villach 2006}) 10... Bh3 11. Bxh3 Qxh3 12. Rb1 b6 13. Qe2 e5 14. c5 exd4 15. cxd6 cxd6 16. cxd4 Bxd4 17. Nf3 {[%cal Bd2f3,Bf3d4,Bd4e6,Be6c5][%mdl 32]} Bf6 (17... Bc5 $1 $17) 18. Rd1 $11 Qe6 19. Bf4 Rd8 (19... Be5 $5) 20. Rbc1 d5 {[#]} (20... Nd7 $11) 21. e5 $1 $16 {[%cal Be4e5,Be5e6][%mdl 1056] Threatens to win with Nd4. White has strong compensation.} Qe8 22. Nd4 Be7 {[#]} 23. e6 $1 Bc5 24. Bg5 Rc8 25. Qe5 {Bh6 is the strong threat.} Nd7 $1 {[%cal Rd7e5]} (25... Nc6 $2 26. Nxc6 Qxe6 27. Bh6 $18) 26. Qxd5 $40 {[%mdl 128] White is up to no good.} fxe6 $2 {[%mdl 8192]} (26... Nf8 $11 {and Black is okay.}) 27. Nxe6 $18 Qf7 28. Rc2 (28. Qxd7 $2 {is a self mate.} Qxf2+ 29. Kh1 Qf3#) ({White should try} 28. Rd3 $18 {Strongly threatening Rf3.} Re8 29. Nc7 (29. Nxc5 Nxc5 30. Qxf7+ Kxf7 $14) (29. Qxd7 Qxd7 30. Rxd7 Rxe6 $11)) 28... Nf8 $16 29. Nxc5 {And now Qxf7+ would win.} Qxd5 30. Rxd5 {Precision: White = 48%, Black = 56%.} 1/2-1/2

[Event "WSCC 65 Open 2017"]
[Site "?"]
[Date "2017.11.11"]
[Round "5"]
[White "Jansa, Vlastimil"]
[Black "Barle, Janez"]
[Result "1-0"]
[WhiteElo "2425"]
[BlackElo "2261"]
[Annotator "TA"]
[PlyCount "47"]
[EventDate "2017.??.??"]
[EventType "swiss"]
[EventCountry "ITA"]
[SourceTitle "Acqui Terme"]

{[%evp 14,47,52,22,80,68,103,115,100,76,168,149,151,91,166,164,164,159,147,160,158,158,161,141,166,169,258,261,385,372,452,461,455,485,660,683]} 1. e4 d5 2. exd5 Nf6 3. Nf3 Nxd5 4. d4 {[%cal Bd2d4,Bd4d5][%mdl 32]} Bg4 5. Be2 Nc6 6. c4 Nb6 7. d5 Bxf3 {B01: Scandinavian Defence} 8. gxf3 {LiveBook: 10 Games} Nb8 (8... Ne5 $11 {remains equal.}) (8... Ne5 9. f4 Ned7 10. Nc3 c6 11. dxc6 bxc6 12. Be3 e6 13. Qc2 Nf6 14. Bd3 Qc7 15. O-O-O {0-1 (75) Anand,V (2720)-Kamsky,G (2695) Sanghi Nagar 1994}) 9. Nc3 e5 $146 {White is slightly better.} ({Predecessor:} 9... g6 10. Qd4 Rg8 11. Be3 Bg7 12. Qd2 c6 13. O-O-O cxd5 14. c5 Bxc3 15. Qxc3 Nc8 16. Qb3 {1-0 (16) Gibney,E-Mishnaevsky,G USA 1995}) 10. Be3 N8d7 11. Qc2 a5 (11... Bc5 $16 {was necessary.}) 12. O-O-O $18 Bc5 13. Rhg1 (13. Ne4 $142 Bxe3+ 14. fxe3) 13... Bxe3+ (13... g6 $16) 14. fxe3 O-O {[#]} 15. Ne4 $1 {Strongly threatening c5.} Nf6 16. c5 {[%cal Bc4c5,Bc5c6][%mdl 32]} Nxe4 17. Qxe4 ({Don't do} 17. cxb6 Nf6 $16) 17... Nd7 {[#]} 18. c6 $1 $40 {[%mdl 128] Black must now prevent Qg4. White goes for the king.} f5 19. Qc2 Nb6 (19... Nf6 $142 20. cxb7 (20. Qxf5 bxc6 21. Bc4 Kh8 $18) 20... Rb8 21. Qxf5 Qd6) 20. cxb7 Ra7 (20... Rb8 {was worth a try.} 21. Bd3 Qd7) 21. Bd3 Rxb7 22. Bxf5 {White is clearly winning.} Kh8 23. Bxh7 {Rxg7! is the strong threat.} Qh4 24. Be4 {Precision: White = 74%, Black = 22%.} 1-0

[Event "WSCC 65 Open 2017"]
[Site "?"]
[Date "2017.11.11"]
[Round "5"]
[White "Komljenovic, Davorin"]
[Black "Gutkin, Boris"]
[Result "0-1"]
[WhiteElo "2379"]
[BlackElo "2250"]
[PlyCount "104"]
[EventDate "2017.??.??"]
[EventType "swiss"]
[EventCountry "ITA"]
[SourceTitle "Acqui Terme"]
[TimeControl "40/5400+30:1800+30"]
[WhiteClock "0:31:13"]
[BlackClock "0:30:15"]

1. Nf3 {[%emt 0:00:14]} Nf6 {[%emt 0:00:25]} 2. g3 {[%emt 0:00:20]} g6 {[%emt 0:00:39]} 3. b3 {[%emt 0:00:04]} Bg7 {[%emt 0:00:25]} 4. Bb2 {[%emt 0:00:04]} d6 {[%emt 0:02:57]} 5. d4 {[%emt 0:00:34]} O-O {[%emt 0:01:08]} 6. Bg2 {[%emt 0:00:10]} Nc6 {[%emt 0:11:45]} 7. d5 {[%emt 0:00:17]} Nb4 {[%emt 0:00:57]} 8. c4 {[%emt 0:01:02]} a5 {[%emt 0:00:34]} 9. a3 {[%emt 0:02:34]} Na6 {[%emt 0:00:10]} 10. Nd4 {[%emt 0:21:38]} Bd7 {[%emt 0:03:14]} 11. Nc3 {[%emt 0:14:33]} Qc8 {[%emt 0:15:19]} 12. h3 {[%emt 0:00:11]} Nc5 {[%emt 0:02:42]} 13. b4 {[%emt 0:07:34]} axb4 {[%emt 0:05:19]} 14. axb4 {[%emt 0:00:06]} Rxa1 {[%emt 0:01:39]} 15. Qxa1 {[%emt 0:00:03]} Na6 {[%emt 0:07:21]} 16. Qa5 {[%emt 0:00:11]} c5 {[%emt 0:15:53]} 17. dxc6 {[%emt 0:00:24]} bxc6 {[%emt 0:00:06]} 18. b5 {[%emt 0:06:56]} cxb5 {[%emt 0:05:23]} 19. cxb5 {[%emt 0:00:02]} Nb8 {[%emt 0:01:50]} 20. Qb6 {[%emt 0:07:47]} d5 {[%emt 0:08:16]} 21. Bxd5 {[%emt 0:13:23]} Bxh3 {[%emt 0:01:11]} 22. Bf3 {[%emt 0:01:18]} e5 {[%emt 0:07:53]} 23. Nc6 {[%emt 0:00:31]} Nxc6 {[%emt 0:00:23]} 24. Qxc6 Qf5 {[%emt 0:01:54]} 25. Ne4 {[%emt 0:02:21]} Rc8 {[%emt 0:02:05]} 26. Nxf6+ {[%emt 0:04:08]} Bxf6 {[%emt 0:00:24]} 27. Qe4 {[%emt 0:03:46]} Rc2 {[%emt 0:01:02]} 28. Ba3 {[%emt 0:02:33]} Rc3 {[%emt 0:00:43]} 29. Bb4 {[%emt 0:01:32]} Qxe4 {[%emt 0:01:04]} 30. Bxe4 {[%emt 0:00:08]} Rc4 {[%emt 0:00:04]} 31. Bd2 {[%emt 0:02:14]} Rxe4 {[%emt 0:00:21]} 32. Rxh3 {[%emt 0:00:04]} Ra4 {[%emt 0:00:14]} 33. Kd1 {[%emt 0:00:39]} e4 {[%emt 0:01:04]} 34. Be3 {[%emt 0:02:13]} Rb4 {[%emt 0:00:52]} 35. b6 {[%emt 0:01:25]} Bd8 {[%emt 0:00:20]} 36. Kd2 {[%emt 0:00:38]} Bxb6 {[%emt 0:00:40]} 37. Bxb6 {[%emt 0:00:06]} Rxb6 {[%emt 0:00:08]} 38. Ke3 {[%emt 0:00:06]} f5 {[%emt 0:00:52]} 39. f3 {[%emt 0:02:11]} Rb3+ {[%emt 0:00:34]} 40. Kf4 {[%emt 0:00:41]} Rb4 {[%emt 0:30:31]} 41. fxe4 {[%emt 0:33:44]} Rxe4+ {[%emt 0:00:09]} 42. Kf3 {[%emt 0:00:00]} Kg7 {[%emt 0:00:41]} 43. Rh1 {[%emt 0:00:30]} h5 {[%emt 0:00:38]} 44. Ra1 {[%emt 0:00:15]} Kf6 {[%emt 0:00:18]} 45. Ra8 {[%emt 0:00:12]} Kg5 {[%emt 0:00:29]} 46. Rg8 {[%emt 0:00:09]} Ra4 {[%emt 0:00:46]} 47. Rg7 {[%emt 0:00:35]} Ra3+ {[%emt 0:00:45]} 48. Kf2 {[%emt 0:00:20]} Ra6 {[%emt 0:00:22]} 49. Kf3 {[%emt 0:00:06]} Ra3+ {[%emt 0:01:21]} 50. Kf2 {[%emt 0:00:09]} Ra4 {[%emt 0:00:16]} 51. Kf3 {[%emt 0:00:56]} f4 {[%emt 0:00:00]} 52. Rf7 {[%emt 0:00:00]} Ra3+ 0-1

[Event "WSCC 65 Open 2017"]
[Site "?"]
[Date "2017.11.11"]
[Round "5"]
[White "Renman, Nils-Gustaf"]
[Black "Okhotnik, Vladimir"]
[Result "0-1"]
[WhiteElo "2368"]
[BlackElo "2434"]
[Annotator "TA"]
[PlyCount "80"]
[EventDate "2017.??.??"]
[EventType "swiss"]
[EventCountry "ITA"]
[SourceTitle "Acqui Terme"]

{[%evp 14,80,30,20,29,23,16,35,31,22,50,41,88,40,66,-36,-48,-109,-118,-118,-116,-113,-107,-157,-162,-227,-229,-325,-252,-288,-291,-291,-289,-282,-266,-275,-266,-922,-271,-251,-266,-260,-267,-249,-262,-257,-214,-240,-265,-258,-239,-272,-289,-287,-275,-266,-256,-256,-256,-274,-256,-262,-262,-359,-350,-375,-359,-516,-491]} 1. d4 d6 2. Nf3 g6 3. c4 Bg7 4. Nc3 Bg4 5. e3 {[%cal Be2e3,Be3d4,Bd4d5][%mdl 32]} c5 6. Be2 cxd4 7. exd4 Nc6 8. d5 {LiveBook: 29 Games. A35: Symmetrical English: 2 Nc3 Nc6 3 Nf3} Bxc3+ 9. bxc3 Bxf3 $1 10. Bxf3 {The position is equal.} Ne5 {[%cal Bc6e5,Be5c4,Bc4d2][%mdl 32]} 11. Be2 Nf6 12. Bh6 Rc8 $146 ({Predecessor:} 12... Qc8 13. h3 g5 14. Bxg5 Ne4 15. f4 Nxg5 16. fxg5 {0-1 (48) Golubovic,B (2441)-Berkes,F (2600) Vogosca 2007}) 13. Rb1 b6 14. f4 ({White should play} 14. c5 $14 Rxc5 15. Bb5+ Ned7 16. c4) 14... Nxc4 $15 15. Qa4+ ({Better is} 15. O-O $15 Qc7 16. Qa4+ Nd7 17. Rf2) 15... Qd7 $17 16. Qa6 {[#]} Qc7 $1 17. Bg7 Rg8 18. Bxf6 exf6 {[%cal Be7f6,Bf6f5][%mdl 32]} 19. O-O (19. Rb4 $142 Na5 20. O-O) 19... Nd2 $19 20. Rfe1 (20. Bg4 {was necessary.} Nxb1 21. Bxc8 Nxc3 22. Kh1) 20... Kf8 21. Bg4 f5 ({Don't do} 21... Nxb1 22. Qxc8+ Qxc8 23. Bxc8 $19) 22. Rbd1 Qc5+ ({Resist} 22... fxg4 23. Rxd2 Qxc3 24. Rde2 $19) 23. Kh1 Qxc3 24. Rxd2 Qxd2 25. Qxc8+ Kg7 {[%cal Rd2e1] [#]} 26. Qc1 Qxc1 27. Rxc1 {And now Bf3 would win.} fxg4 {[%mdl 4096] Endgame KR-KR} 28. Rc7 Re8 {[%cal Re8e1]} 29. Kg1 Re1+ 30. Kf2 Rd1 31. Rxa7 Rxd5 32. Rb7 Rb5 33. Kg3 h5 34. h3 gxh3 35. Kxh3 Kf6 36. g4 hxg4+ 37. Kxg4 Rb4 38. Kf3 Ke6 39. a3 Rb3+ 40. Kg4 (40. Kf2 $142) 40... f5+ {Precision: White = 41%, Black = 89%.} 0-1

[Event "WSCC 65 Open 2017"]
[Site "?"]
[Date "2017.11.11"]
[Round "5"]
[White "Pushkov, Nikolai"]
[Black "Sprotte, Norbert"]
[Result "1-0"]
[WhiteElo "2304"]
[BlackElo "2186"]
[PlyCount "53"]
[EventDate "2017.??.??"]
[EventType "swiss"]
[EventCountry "ITA"]
[SourceTitle "Acqui Terme"]
[TimeControl "40/5400+30:1800+30"]
[WhiteClock "0:58:05"]
[BlackClock "0:23:37"]

1. d4 {[%emt 0:00:00]} Nf6 {[%emt 0:00:32]} 2. c4 {[%emt 0:00:08]} c5 {[%emt 0:01:12]} 3. d5 {[%emt 0:00:18]} b5 {[%emt 0:00:45]} 4. cxb5 {[%emt 0:00:30]} a6 {[%emt 0:00:18]} 5. b6 {[%emt 0:00:08]} d6 {[%emt 0:00:56]} 6. Nc3 {[%emt 0:00:03]} g6 {[%emt 0:01:23]} 7. e4 {[%emt 0:00:26]} Qxb6 {[%emt 0:03:47]} 8. Nf3 {[%emt 0:01:57]} Nbd7 {[%emt 0:03:40]} 9. a4 {[%emt 0:00:51]} Bg7 {[%emt 0:01:18]} 10. a5 {[%emt 0:00:48]} Qb7 {[%emt 0:06:07]} 11. Be2 {[%emt 0:02:36]} O-O {[%emt 0:00:20]} 12. O-O {[%emt 0:00:09]} Ne8 {[%emt 0:07:59]} 13. Nd2 {[%emt 0:06:25]} Nc7 {[%emt 0:01:04]} 14. Nc4 {[%emt 0:00:15]} Nb5 {[%emt 0:02:15]} 15. Na4 {[%emt 0:00:51]} Nd4 {[%emt 0:08:58]} 16. Nab6 {[%emt 0:01:02]} Nxb6 {[%emt 0:04:43]} 17. Nxb6 {[%emt 0:00:17]} Nxe2+ {[%emt 0:04:26]} 18. Qxe2 {[%emt 0:00:03]} Bd7 {[%emt 0:00:39]} 19. Re1 {[%emt 0:02:30]} Bb5 {[%emt 0:01:06]} 20. Qc2 {[%emt 0:00:04]} Rad8 {[%emt 0:05:33]} 21. Be3 {[%emt 0:02:22]} f5 {[%emt 0:06:23]} 22. exf5 {[%emt 0:01:29]} Rxf5 {[%emt 0:01:51]} 23. Rad1 {[%emt 0:01:28]} Rdf8 {[%emt 0:02:14]} 24. b3 {[%emt 0:00:47]} Be5 {[%emt 0:03:33]} 25. Qd2 {[%emt 0:02:21]} e6 {[%emt 0:03:22]} 26. dxe6 {[%emt 0:07:26]} Qe7 {[%emt 0:05:29]} 27. f4 {[%emt 0:10:11]} 1-0

[Event "WSCC 65 Open 2017"]
[Site "?"]
[Date "2017.11.11"]
[Round "5"]
[White "Povah, Nigel E"]
[Black "Malisov, Boris"]
[Result "1/2-1/2"]
[WhiteElo "2295"]
[BlackElo "2240"]
[PlyCount "53"]
[EventDate "2017.??.??"]
[EventType "swiss"]
[EventCountry "ITA"]
[SourceTitle "Acqui Terme"]
[TimeControl "40/5400+30:1800+30"]
[WhiteClock "0:06:11"]
[BlackClock "0:17:07"]

1. d4 {[%emt 0:00:00]} c5 {[%emt 0:00:27]} 2. d5 {[%emt 0:00:00]} Nf6 {[%emt 0:00:09]} 3. Bg5 {[%emt 0:00:00]} Ne4 {[%emt 0:01:21]} 4. Bf4 {[%emt 0:00:04]} Qb6 {[%emt 0:01:13]} 5. Nd2 {[%emt 0:00:34]} Nxd2 {[%emt 0:00:58]} 6. Bxd2 {[%emt 0:00:11]} d6 {[%emt 0:01:16]} 7. e4 {[%emt 0:04:33]} Nd7 {[%emt 0:01:08]} 8. Bc3 {[%emt 0:10:44]} Nf6 {[%emt 0:00:41]} 9. Qd3 {[%emt 0:11:58]} g6 {[%emt 0:03:02]} 10. Nf3 {[%emt 0:03:13]} Bg7 {[%emt 0:01:48]} 11. Nd2 {[%emt 0:03:19]} O-O {[%emt 0:00:29]} 12. Be2 {[%emt 0:02:54]} Qc7 {[%emt 0:07:19]} 13. f4 {[%emt 0:17:55]} Rb8 {[%emt 0:02:04]} 14. a4 {[%emt 0:00:10]} b6 {[%emt 0:04:17]} 15. O-O {[%emt 0:06:56]} a6 {[%emt 0:01:27]} 16. e5 {[%emt 0:06:45]} Ne8 {[%emt 0:04:24]} 17. Qe3 {[%emt 0:05:49]} b5 {[%emt 0:08:16]} 18. axb5 {[%emt 0:00:47]} axb5 {[%emt 0:00:02]} 19. b3 {[%emt 0:00:09]} Bb7 {[%emt 0:15:04]} 20. Bf3 {[%emt 0:03:34]} Ra8 {[%emt 0:06:23]} 21. Rxa8 {[%emt 0:03:38]} Bxa8 {[%emt 0:00:02]} 22. Ra1 {[%emt 0:02:25]} Bb7 {[%emt 0:00:48]} 23. g3 {[%emt 0:01:56]} Qb8 {[%emt 0:11:37]} 24. exd6 {[%emt 0:05:31]} Bxc3 {[%emt 0:08:37]} 25. Qxc3 {[%emt 0:00:17]} Nxd6 {[%emt 0:00:59]} 26. Qe3 {[%emt 0:03:06]} Qc7 {[%emt 0:02:32]} 27. c4 {[%emt 0:00:51]} 1/2-1/2

[Event "WSCC 65 Open 2017"]
[Site "?"]
[Date "2017.11.11"]
[Round "5"]
[White "Boehnisch, Manfred"]
[Black "Privara, Igor"]
[Result "1/2-1/2"]
[WhiteElo "2285"]
[BlackElo "2184"]
[PlyCount "35"]
[EventDate "2017.??.??"]
[EventType "swiss"]
[EventCountry "ITA"]
[SourceTitle "Acqui Terme"]
[TimeControl "40/5400+30:1800+30"]
[WhiteClock "0:34:51"]
[BlackClock "0:49:30"]

1. Nf3 {[%emt 0:00:31]} Nf6 {[%emt 0:00:32]} 2. d4 {[%emt 0:00:37]} e6 {[%emt 0:00:33]} 3. c4 {[%emt 0:00:52]} c5 {[%emt 0:00:54]} 4. e3 {[%emt 0:01:09]} d5 {[%emt 0:00:07]} 5. Nc3 {[%emt 0:01:23]} a6 {[%emt 0:00:18]} 6. cxd5 {[%emt 0:07:14]} exd5 {[%emt 0:00:26]} 7. dxc5 {[%emt 0:01:59]} Bxc5 {[%emt 0:00:37]} 8. Be2 {[%emt 0:00:53]} O-O {[%emt 0:01:57]} 9. O-O {[%emt 0:00:18]} Nc6 {[%emt 0:02:18]} 10. a3 {[%emt 0:06:04]} Re8 {[%emt 0:03:31]} 11. b4 {[%emt 0:01:56]} Ba7 {[%emt 0:04:33]} 12. Bb2 {[%emt 0:00:59]} h6 {[%emt 0:07:34]} 13. Rc1 {[%emt 0:01:10]} Be6 {[%emt 0:04:01]} 14. Na4 {[%emt 0:04:28]} Ne4 {[%emt 0:02:09]} 15. Nd4 {[%emt 0:17:44]} Bd7 {[%emt 0:11:54]} 16. Nc5 {[%emt 0:03:22]} Nxc5 {[%emt 0:07:39]} 17. bxc5 {[%emt 0:00:08]} Qe7 {[%emt 0:00:27]} 18. Nxc6 {[%emt 0:13:22]} 1/2-1/2

[Event "WSCC 65 Open 2017"]
[Site "?"]
[Date "2017.11.11"]
[Round "5"]
[White "Primbetov, Marat"]
[Black "Sveshnikov, Evgeny"]
[Result "1-0"]
[WhiteElo "2222"]
[BlackElo "2480"]
[Annotator "TA"]
[PlyCount "81"]
[EventDate "2017.??.??"]
[EventType "swiss"]
[EventCountry "ITA"]
[SourceTitle "Acqui Terme"]

{[%evp 9,81,4,26,14,17,0,17,-19,35,-1,2,-7,15,-5,0,0,12,0,0,-37,0,-29,7,-13,-25,-25,-38,-34,-20,-27,-6,-6,-3,-7,0,0,29,-12,19,-25,56,31,128,115,312,145,168,163,127,156,113,62,53,38,50,50,37,41,45,8,19,0,0,0,0,0,239,230,261,102,533,520,687,644]} 1. e4 c5 2. Nf3 Nc6 3. Bb5 e6 4. c3 Nf6 5. d3 (5. Bxc6 bxc6 6. e5 Nd5 7. d3 Be7 8. c4 Nc7 9. Nc3 f6 10. exf6 Bxf6 11. Ne4 O-O 12. Nxc5 d5 {1-0 (33) Bauer,C (2626)-Wells,P (2442) London 2015}) 5... Be7 6. O-O {B30: Sicilian: 2...Nc6 3 Bb5, lines without ...g6} O-O 7. Re1 Qc7 8. Nbd2 {The position is equal.} a6 (8... d5 $11) 9. Ba4 (9. Bxc6 $5 dxc6 10. e5 $11) 9... d6 10. Nf1 Bd7 $146 ({Predecessor:} 10... b5 11. Bb3 Bb7 12. a4 Ne5 13. Nxe5 dxe5 {½-½ (80) Reubrez,C (1815)-Marin,F (2006) Paris 2012}) 11. Bb3 Rac8 12. h3 Rfd8 13. Bf4 b5 14. g4 Qb7 15. Ng3 Be8 16. Qe2 Nd7 {[%cal Bf6d7,Bd7e5,Be5f3][%mdl 32]} 17. Rad1 Nde5 18. d4 Nxf3+ 19. Qxf3 cxd4 20. cxd4 Na5 21. d5 e5 22. Bd2 Nc4 23. Bc1 (23. Bxc4 $5 Rxc4 24. Nf5 $11) 23... g6 24. Re2 Rc7 (24... b4 $11) 25. Kh2 Rdc8 ({Black should play} 25... Bh4 $14) 26. Bh6 $16 Na5 $2 {[#]} (26... a5 $16) 27. Nh5 $1 {[%mdl 512]} Nxb3 ({Don't blunder} 27... gxh5 $2 28. gxh5 f6 29. Rg1+ Kh8 30. Bg7+ Kg8 31. Bxf6+ Bg6 32. hxg6 $18) 28. Nf6+ Kh8 {Threatens to win with ...Nd4.} 29. axb3 b4 30. Nxe8 ({White should try} 30. g5 $16) 30... Rxe8 $14 31. Qxf7 {[%csl Gf7][%cal Rh6g7]} Rg8 32. Qf3 g5 {And now ...Rg6 would win.} 33. h4 gxh4 34. Qf5 Bd8 35. Qe6 $36 {[%mdl 2048] White is pushing.} Rg6 36. Qe8+ Rg8 37. Qe6 Rf7 $2 (37... Rg6 $1 $11 {and Black is okay.} 38. Qe8+ Rg8) 38. Qxd6 $18 Qb5 39. Rdd2 $2 (39. Rc2 $18) 39... Rf6 $2 {[%mdl 8192]} (39... Qe8 $16 {is a better chance.}) 40. Qxe5 Bc7 41. Qxc7 {Precision: White = 29%, Black = 22%.} 1-0